Transgressões (Record no. 2000)

MARC details
000 -Etiqueta do registo
Valores 00739nam a2200265 4500
010 ## - Número ISBN
ISBN 9789720038173
021 ## - Número do Depósito Legal
Código do país Portugal
Número 544223/25
100 ## - Dados gerais de processamento
Dados gerais 20251121d2025 m||y0pory50030103ba
101 ## - Língua de publicação
Língua Português
102 ## - País de publicação
País Portugal
200 ## - Titulo e menção de responsabilidade
Título próprio Transgressões
Primeira menção de responsabilidade Louise Kennedy
Outras menções de responsabilidade trad. Maria José Figueiredo
205 ## - Menção da edição
Edição 1ª edição
210 ## - Publicação
Local de publicação Porto
Nome do editor Porto Editora
Data de publicação 2025
215 ## - Descrição física 
Paginação / Volumes 285, [1] p.
Dimensões 24 cm
300 ## - Notas gerais 
Texto da nota BMB-Registado
304 ## - Nota relativa ao título
Texto de nota Tít. orig.: Trespasses
606 ## - Nome comum usado como assunto
ID Autoridade 1143
Palavra de ordem Literatura Irlandesa
606 ## - Nome comum usado como assunto
ID Autoridade 779
Palavra de ordem Romance
675 ## - CDU
Notação 821.111(417)-31
Edição BMB
Língua por
700 ## - Autor principal (pessoa individual)
Apelido Kennedy
Nome Louise
Datas 1967-
ID Autoridade 2877
702 ## - Autor secundário (pessoa individual)
Apelido Figueiredo
Nome Maria José
Datas 1963-
Função Orientador de tese
ID Autoridade 2858
801 ## - Fonte de origem
País PT
Agência BMB
Regras de catalogação RPC
990 ## - Elementos KOHA
Tipo de documento Livro
Holdings
Situação do levantamento Estado Número Biblioteca de origem Código de barras Cota Permissão de empréstimo Tipo de documento Forma de aquisição
    1 Biblioteca Municipal de Borba 1950 821.111(417)-31 KEN / TRA   Livro Compra
Biblioteca Municipal de Borba

Powered by Koha